000 01511nas a2200385 i 4500
001 2510
003 ES-MaACL
005 20250808063446.0
007 t|
008 950801d1952 sp a| | 1 ||pa d
022 _a2481-9174
040 _cES-MaACL
080 _a908(460.41)
080 _a908(6-15)
080 _a908(671.8)
245 0 0 _aAnuario de Canarias, África occidental, Guinea española /
_cdir., Ignacio Nadal Rodó
260 _aLas Palmas de Gran Canaria :
_bAnuario de Canarias, África occidental, Guinea española,
_c[1952]-
300 _a1 volumen :
_bilustraciones (blanco y negro) ;
_c22 cm
310 _aAnual
362 0 _a2. época (1951/1952)-
530 _aDisponible en formato digital
651 4 _aCanarias-
_xDescripción-
_yS.XX
_9157515
651 4 _aÁfrica occidental-
_xDescripción
_9158839
651 4 _aGuinea Ecuatorial-
_xDescripción
_98807
655 7 _aAnuarios
_2tgfbne
_9226822
700 1 _aNadal Rodó, Ignacio,
_epbd
_9194503
780 0 0 _tAnuario de Canarias
_x, 2481-9344
852 _aES-MaACL
_cDEPO2
_jP-1016
856 _uhttps://hdl.handle.net/20.500.12285/mdcte/1339
_yVersión en línea
_z(Memoria digital de Canarias (mdC))
856 _uhttps://hdl.handle.net/20.500.12285/mdcte/656
_yVersión en línea: Anuario comercial, industrial y profesional de Canarias, 1948
_z(Memoria digital de Canarias (mdC))
866 0 _o1951-1952.
942 _2udc
_cPERIODICA
_n0
955 _bPilar Fernández Vera
999 _c2510
_d2510